P. I. Čajkovskij: Baletné suity

Bibliographic Details
Main Authors: Jurík, Marián, 1933-1999 (Author), Čajkovskij, Piotr Iľjič, 1840-1893 (Author)
Format: Article
Language:Slovak
Subjects:

MARC

LEADER 00000nab a2200000 a 4500
001 vtls000393810
003 SK-MaSNL
005 20260303203314.0
008 230120c1990 xo 0 slo
015 |a SNBRB19rr/mm-uuuuu 
035 |a CL0393934 
035 |a urn:nbn:sk:snk-ab1vw0 
035 |a (urnnbn)urn:nbn:sk:snk:ar-a02zvc 
035 |a (uuid)8ee77af4-5eff-4ea2-8e49-96634713082a 
040 |a SNKBUCL  |b slo  |c SNKBUCL  |e AACR2 
041 0 |a slo 
044 |a xo  |c SK 
080 |a 78.071.20:785.11:782.91  |2 1981 
080 |a 785.11  |2 1981 
080 |a 782.91  |2 1981 
100 1 |a Jurík, Marián,  |d 1933-1999  |4 aut  |9 114076 
245 1 0 |a P. I. Čajkovskij: Baletné suity  |c Marián Jurík 
600 1 7 |a Čajkovskij, Piotr Iľjič,  |d 1840-1893  |2 snkbucl  |9 156333 
610 2 7 |a Slovenský rozhlas.  |b Symfonický orchester  |2 snkbucl  |9 32475 
655 7 |a články z novín a časopisov  |2 snkbucl  |9 267496 
700 1 |a Čajkovskij, Piotr Iľjič,  |d 1840-1893  |4 aut  |9 156333 
773 0 |t Hudobný život 90  |g Roč. 22, č. 20 (1990), s. 6 
787 0 8 |i Rec.:  |a Čajkovskij, Pětr Iľjič  |t Baletné suity  |d Bratislava : Opus 
850 |a Slovenská národná knižnica v Martine  |a MTA001 
852 |a SNK  |b KIS3GCP 
954 |a odborná, vedecká literatúra pôvodná (slovenská)  |2 lita 
957 |a 5100 
958 |a OND 
958 |a RK 
958 |a SU 
958 |a EUIPO 
958 |a article27 
992 |a RBX 
999 |c 2184749  |d 2186679